| 000 | 01263nam a22003497a 4500 | ||
|---|---|---|---|
| 001 | 183093 | ||
| 003 | OSt | ||
| 005 | 20230516072255.0 | ||
| 008 | 160704b xxu||||| |||| 00| 0 eng d | ||
| 010 | _a 98215714 | ||
| 020 | _a019283407X | ||
| 040 |
_aMMU _cMMU _dMMU _beng |
||
| 041 | 1 |
_aeng _hgrc |
|
| 050 | 0 | 0 |
_aB430.A5 _bR67 1998 |
| 082 | 0 | 0 |
_a171/.3 _221 |
| 100 | 0 | _aAristotle. | |
| 240 | 1 | 0 |
_aNicomachean ethics. _lEnglish |
| 245 | 1 | 4 |
_aThe Nicomachean ethics / _cAristotle ; translated with an introduction by David Ross ; revised by J.L. Ackrill and J.O. Urmson. |
| 260 |
_aOxford (Oxfordshire) : _aNew York : _bOxford University Press, _c[1998]. |
||
| 300 |
_axxxvi, 283 p. : _c20 cm. |
||
| 490 | 1 | _aOxford world's classics | |
| 504 | _aIncludes bibliographical references and index. | ||
| 650 | 0 | _aEthics. | |
| 700 | 1 |
_aRoss, W. D. _q(William David), _d1877-1971. |
|
| 700 | 1 | _aAckrill, J. L. | |
| 700 | 1 | _aUrmson, J. O. | |
| 830 | 0 | _aOxford world's classics (Oxford University Press) | |
| 856 | 4 | 2 |
_3Publisher description _uhttp://www.loc.gov/catdir/enhancements/fy0605/98215714-d.html |
| 906 |
_a7 _bcbc _corignew _d2 _encip _f19 _gy-gencatlg |
||
| 942 |
_2lcc _cLOAN LOAN |
||
| 999 |
_c17908 _d17908 |
||